Southville International School and Colleges
Your cart is empty.
  • Cart
  • Lists
    Public lists Eva Luna New books Lux_list list_1
    Your lists Log in to create your own lists
  • Log in to your account
  • Your cookies
  • Search history
Southville International School and Colleges
  • Advanced search
  • Recent comments
  • Most popular
  • Libraries

Log in to your account

Log in with GOOGLE


If you do not have an external account, but do have a local account, you can still log in:

  1. Home
  2. MARC view: Public enemies /
Normal view MARC view ISBD view

Public enemies / (Record no. 34243)

[ view plain ]
MARC details
000 -LEADER
fixed length control field 01274cam a2200373 a 4500
003 - CONTROL NUMBER IDENTIFIER
control field OSt
005 - DATE AND TIME OF LATEST TRANSACTION
control field 20140310184421.0
008 - FIXED-LENGTH DATA ELEMENTS--GENERAL INFORMATION
fixed length control field 060508s2005 nyu c 000 1 eng d
010 ## - LIBRARY OF CONGRESS CONTROL NUMBER
LC control number 2006274906
020 ## - INTERNATIONAL STANDARD BOOK NUMBER
International Standard Book Number 0439651409 (pbk.)
024 3# - OTHER STANDARD IDENTIFIER
Standard number or code 9780439651400
035 ## - SYSTEM CONTROL NUMBER
System control number (OCoLC)ocm62268655
040 ## - CATALOGING SOURCE
Original cataloging agency BKX
Transcribing agency BKX
Modifying agency BAKER
-- VP@
-- DLC
042 ## - AUTHENTICATION CODE
Authentication code lcac
-- lccopycat
050 00 - LIBRARY OF CONGRESS CALL NUMBER
Classification number PZ 7
Item number .K8369Pub 2005
100 1# - MAIN ENTRY--PERSONAL NAME
Personal name Korman, Gordon.
245 10 - TITLE STATEMENT
Title Public enemies /
Statement of responsibility, etc Gordon Korman.
260 ## - PUBLICATION, DISTRIBUTION, ETC. (IMPRINT)
Place of publication, distribution, etc New York :
Name of publisher, distributor, etc Scholastic,
Date of publication, distribution, etc 2005.
300 ## - PHYSICAL DESCRIPTION
Extent 150 p. :
Dimensions 20 cm.
490 0# - SERIES STATEMENT
Series statement On the run ;
Volume number/sequential designation chase #5
521 ## - TARGET AUDIENCE NOTE
Target audience note
526 ## - STUDY PROGRAM INFORMATION NOTE
Reading level 790
650 #0 - SUBJECT ADDED ENTRY--TOPICAL TERM
Topical term or geographic name as entry element Fugitives from justice
Form subdivision Juvenile fiction.
9 (RLIN) 26727
650 #1 - SUBJECT ADDED ENTRY--TOPICAL TERM
Topical term or geographic name as entry element Fugitives from justice
Form subdivision Fiction.
9 (RLIN) 26728
650 #1 - SUBJECT ADDED ENTRY--TOPICAL TERM
Topical term or geographic name as entry element Adventure and adventurers
Form subdivision Fiction.
9 (RLIN) 26729
650 #1 - SUBJECT ADDED ENTRY--TOPICAL TERM
Topical term or geographic name as entry element Brothers and sisters
Form subdivision Fiction.
9 (RLIN) 26730
655 #7 - INDEX TERM--GENRE/FORM
Genre/form data or focus term Adventure fiction.
Source of term gsafd
9 (RLIN) 3061
906 ## - LOCAL DATA ELEMENT F, LDF (RLIN)
a 7
b cbc
c copycat
d 2
e ncip
f 20
g y-gencatlg
942 ## - ADDED ENTRY ELEMENTS (KOHA)
Source of classification or shelving scheme Library of Congress Classification
Koha item type
Holdings
Withdrawn status Lost status Source of classification or shelving scheme Damaged status Home library Current library Shelving location Date acquired Total Checkouts Full call number Barcode Date last seen Copy number Price effective from Koha item type
    Library of Congress Classification   Luxembourg Library Luxembourg Library Scholastic Reading Center Section 10/09/2013   PZ 7 .K8369Pub 2005 LEX1821 04/18/2017 1 10/09/2013 Books
    Library of Congress Classification   Luxembourg Library Luxembourg Library Scholastic Reading Center Section 10/09/2013   PZ 7 .K8369Pub 2005 LEX1822 04/18/2017 2 10/09/2013 Books
    Library of Congress Classification   Luxembourg Library Luxembourg Library Scholastic Reading Center Section 10/16/2013   PZ 7 .K8369Pub 2005 SCHO0501 04/18/2017 3 10/16/2013 Books

Public enemies /

APA

Korman G., . (2005). Public enemies. New York: Scholastic.

Chicago

Korman Gordon, . 2005. Public enemies. New York: Scholastic.

Harvard

Korman G., . (2005). Public enemies. New York: Scholastic.

MLA

Korman Gordon, . Public enemies. New York: Scholastic. 2005.

  • Place hold
  • Print
  • Cite
  • Add to your cart (remove)
  • Save record
    BIBTEX Dublin Core MARCXML MARC (non-Unicode/MARC-8) MARC (Unicode/UTF-8) MARC (Unicode/UTF-8, Standard) MODS (XML) RIS
  • More searches
    Search for this title in:
    Other Libraries (WorldCat) Other Databases (Google Scholar) Online Stores (Bookfinder.com) Open Library (openlibrary.org)

Exporting to Dublin Core...

SOUTHVILLE LIBRARY

Southville International School and Colleges Library

1281 Tropical Ave. Cor. Luxembourg St., BF Homes International, Las Pinas City

Tel. No. 8256374 / 252358 Loc. 117/146

Powered by Koha